Gotycka architektura Nowej Marchii budownictwo sakralne w okresie Askańczyków i Wittelsbachów

Bibliographic Details
Main Author: Jarzewicz, Jarosław 1959- (Author)
Format: Book
Language:Polish
PhysicalDescription:366 s. 25 cm
Published: Poznań Poznańskie Towarzystwo Przyjaciół Nauk 2000
ISBN:8370632637
ISSN:0079-466X
Series:Prace Komisji Historii Sztuki
Subjects:

MARC

LEADER 00000nam a2200000 a 4500
001 vtls001386981
003 SK-MaSNL
005 20260301161518.0
008 251113s2000 PL a r 0 pol
020 |a 8370632637  |c [480,00] 
035 |a SNK000341166 
040 |a SNK  |b slo  |c SNK  |e AACR2 
044 |a PL 
080 |a 726(438)  |2 1981 
080 |a 7.033.5:726.6(438-31)(084.12)  |2 1981 
100 1 |a Jarzewicz, Jarosław  |d 1959-  |4 aut  |9 524633 
245 1 0 |a Gotycka architektura Nowej Marchii  |b budownictwo sakralne w okresie Askańczyków i Wittelsbachów  |c Jarosław Jarzewicz 
260 |a Poznań  |b Poznańskie Towarzystwo Przyjaciół Nauk  |c 2000 
300 |a 366 s.  |c 25 cm 
490 1 |a Prace Komisji Historii Sztuki  |x 0079-466X  |v t. 29 
500 |a Súbež. tit. strana angl. 
650 0 7 |a architektúra sakrálna  |z Poľsko  |x monografie  |2 SNK  |9 524634 
650 0 7 |a kostoly  |z Poľsko  |x monografie  |2 SNK  |9 524635 
830 0 |a Prace Komisji Historii Sztuki  |9 296915 
919 |a 83-7063-263-7 
999 |c 809759  |d 811689 
952 |t P60, <04>, [BOOK], {604}  |a SNK  |b SNK  |y VYP  |7 0  |p 17A0237667  |o snkIC 128561  |i snkV 773/2000  |0 0  |1 0  |4 0  |d 2000-05-22  |l 0  |r 2005-01-02 00:00:00  |w 2026-02-24